|
|
|
|
| LEADER |
01226nam a2200337 a 4500 |
| 001 |
39182 |
| 003 |
BD-DhAAL |
| 005 |
20220721103131.0 |
| 008 |
220721t2011 nyua b 001 0 eng d |
| 999 |
|
|
|c 44430
|d 44430
|
| 010 |
|
|
|a 2010936466
|
| 020 |
|
|
|a 9781441973993 (acidfree paper)
|
| 020 |
|
|
|a 9781441974006 (ebook)
|
| 040 |
|
|
|a DLC
|c DLC
|d DLC
|d BD-DhAAL
|
| 042 |
|
|
|a pcc
|
| 050 |
0 |
0 |
|a QA613
|b .T8 2011
|
| 082 |
0 |
0 |
|a 516.07
|2 23
|
| 100 |
1 |
|
|a Tu, Loring W.
|9 50056
|
| 245 |
1 |
3 |
|a An introduction to manifolds /
|c Loring W. Tu.
|
| 250 |
|
|
|a Second edition
|
| 260 |
|
|
|a New York :
|b Springer,
|c c2011.
|
| 300 |
|
|
|a xviii, 410 pages :
|b illustrations ;
|c 23 cm.
|
| 490 |
0 |
|
|a Universitext
|
| 504 |
|
|
|a Includes bibliographical references (pages [395]-396) and index.
|
| 541 |
|
|
|a Book Finder International
|e 39182
|
| 650 |
|
0 |
|a Manifolds (Mathematics).
|9 50057
|
| 650 |
|
0 |
|a Mathematics.
|9 50058
|
| 830 |
|
|
|a Universitext
|9 50059
|
| 852 |
|
|
|a Ayesha Abed Library
|c General Stacks
|
| 942 |
|
|
|2 ddc
|c BK
|
| 952 |
|
|
|0 0
|1 0
|2 ddc
|4 0
|6 516_070000000000000_TU
|7 0
|9 71274
|a BRACUL
|b BRACUL
|c GEN
|d 2022-07-18
|e Book Finder International
|g 3340.77
|l 8
|m 68
|o 516.07 TU
|p 3010039182
|q 2026-05-20
|r 2025-11-02
|s 2025-11-02
|t 1
|v 3340.77
|w 2022-07-18
|y BK
|